Detalles MARC
| 000 -LIDER |
| fixed length control field |
01066cam a22003377 4500 |
| 001 - NÚMERO DE CONTROL |
| Identificador de número de control |
a473243 |
| 003 - IDENTIFICACDOR DE NÚMERO DE CONTROL |
| control field |
DO-SdBNP |
| 005 - DATE AND TIME OF LATEST TRANSACTION |
| control field |
20230928095340.0 |
| 008 - ELEMENTOS DE LONGITUD FIJA |
| fixed length control field |
100420s2010 sp a||| 000 1 spa |
| 015 ## - NÚMERO DENTRO DE LA BIBLIOGRAFÍA NACIONAL |
| National bibliography number |
|
| 017 ## - NÚMERO DE REGISTRO DE DERECHOS DE AUTOR |
| Copyright or legal deposit number |
|
| Assigning agency |
|
| 020 ## - ISBN |
| International Standard Book Number |
9788466792479 |
| 035 ## - NÚMERO LOCAL |
| System control number |
|
| 040 ## - FUENTE DE CATALOGACIÓN |
| Agencia que crea de manera original el registro |
BPMSU |
| Idioma de catalogación |
spa |
| Agencia que realiza la transcripción |
BPMSU |
| Convenciones de la despripción |
|
| 080 ## - NÚMERO DE CLASIFICACIÓN DECIMAL UNIVERSAL |
| Universal Decimal Classification number |
|
| 082 #4 - NÚMERO DE CLASIFICACIÓN DECIMAL DE DEWEY |
| Classification number |
867.3 |
| Item number |
Q5b 2010 |
| Edition number |
22 |
| 100 1# - ASIENTO PRINCIPAL -- NOMBRE PERSONAL |
| Nombre personal |
Quevedo y Villegas, Francisco Gómez de, |
| Títulos u otras palabras asociadas con el nombre |
1580-1645. |
| 245 13 - MENCIÓN DE TITULO |
| Título |
El Buscón / |
| Medio (Designación general de material) |
|
| Mención de responsabilidad |
Francisco de Quevedo ; adaptación de Juan Manuel Infante Moraño ; ilustraciones de Diego Blanco |
| 260 ## - PUBLICACIÓN, DISTRIBUCIÓN, ETC. (PIE DE IMPRENTA) |
| Lugar de publicación, distribución, etc |
Madrid |
| Nombre del editor, distribuidor, etc. |
Anaya |
| Fecha de publicación, distribución, etc |
2010 |
| 300 ## - DESCRIPCIÓN FÍSICA |
| Extensión |
149 p. : |
| Otros detalles físicos |
il. col. ; |
| Dimensiones |
24 cm |
| 490 0# - MENCIÓN DE SERIES |
| Mención de serie |
Clásicos a medida |
| 590 ## - NOTA LOCAL |
| Texto de la nota local |
Inventariado, 2023/VM |
| 600 14 - ENCABEZAMIENTO DE MATERIA--NOMBRE PERSONAL |
| Nombre personal |
Quevedo, Francisco de, |
| Fechas asociadas con el nombre |
1580-1645 |
| Subdivisión temática general |
crítica e interpretación |
| Materiales especificados |
|
| 650 #4 - ENCABEZAMIENTO DE MATERIA--TEMÁTICO |
| Término temático o nombre geográfico como elemento de entrada |
Sátira española |
| 650 #4 - ENCABEZAMIENTO DE MATERIA--TEMÁTICO |
| Término temático o nombre geográfico como elemento de entrada |
Literatura picaresca española |
| 650 #4 - ENCABEZAMIENTO DE MATERIA--TEMÁTICO |
| Término temático o nombre geográfico como elemento de entrada |
Pícaros |
| Subdivisión de forma |
Novela |
| 700 1# - ASIENTO SECUNDARIO -- NOMBRE PERSONAL |
| Nombre personal |
Infante Moraño, Juan Manuel |
| Fechas asociadas con el nombre |
|
| 700 1# - ASIENTO SECUNDARIO -- NOMBRE PERSONAL |
| Nombre personal |
Diego Blanco |
| Mención de responsabilidad |
ils. |
| 910 ## - VALIDACIÓN |
| Validación |
VMateo V. Control de calidad. BPMSU |
| 942 ## - ADDED ENTRY ELEMENTS (KOHA) |
| Source of classification or shelving scheme |
Dewey Decimal Classification |
| Koha item type |
Libros |